Score 0/18 Timer 04:00
222 Plays Today
Hint Answer % Correct
____ PossibleKim
85.6%
____ Farrah FowlerAmy
84.6%
____ GriffinMeg
79.3%
____ SylvesterSue
70.6%
____ LemonLiz
70.1%
____ BeeslyPam
68.8%
____ BradyJan
68.4%
____ PerkinsAnn
61.5%
Aunt ____ TaylorBee
51.2%
Hint Answer % Correct
____ PuckettSam
39.9%
____ PolastriEve
39.7%
____ ReynoldsDee
34.2%
____ DoyleRoz
32.7%
____ ReznikovRed
30.8%
____ BarnesZoe
25.9%
____ KwonSun
21.3%
____ TurnerJoy
20.2%
____ MooreLiv
16.8%

You're not logged in!

Compare scores with friends on all Sporcle quizzes.
OR
Log In

Sporcle TV

Today on Sporcle TV


Watch our educational content, quiz creation guides, and fun videos on Sporcle TV.

Show Comments

Extras

Top Quizzes Today


Score Distribution

Paid Content

Your Account Isn't Verified!

In order to create a playlist on Sporcle, you need to verify the email address you used during registration. Go to your Sporcle Settings to finish the process.

Report this User

Report this user for behavior that violates our Community Guidelines.

Details: